000 00704cab a2200229 4500
001 ABS45323
008 090401t1991 xxu||||| |||| 00| 0 eng d
035 _a(Sirsi) u52339
041 _aeng
100 _aGraham, T.
245 _aConditions and matters of timing
260 _c1991
350 _a0
490 _aEstates Gazette
_v(9142) 26 October 1991, 74(1)
520 _aDiscusses a common pitfall in planning conditions brought about by drafting errors whereby a time limit is put on the commencement of development.
650 _aDRAFTING ERRORS
650 _aPLANNING CONDITIONS
650 _aTIME LIMITS
690 _aPLANNING LAW AND PRACTICE
942 _n0
948 _c04/03/1997
999 _c32452
_d32452